[Event "Pfalz op-B 10th"]
[Site "Neustadt an der Weinstrasse"]
[Date "2019.03.03"]
[Round "4"]
[White "Koehler, Gernot"]
[Black "Kratz, Alexander"]
[Result "1/2-1/2"]
[WhiteElo "1873"]
[BlackElo "1716"]
[PlyCount "89"]
[EventDate "2019.03.01"]
[EventType "swiss"]
[EventRounds "7"]
[EventCountry "GER"]
[SourceTitle "CBM 189 Extra"]
[Source "ChessBase"]
[SourceDate "2019.06.03"]
[SourceVersion "1"]
[SourceVersionDate "2019.06.03"]
[SourceQuality "1"]

1. d4 Nf6 2. c4 e6 3. Nf3 b6 4. g3 Bb7 5. Bg2 Be7 6. Nc3 0-0 7. 0-0 Ne4 8. Qc2 Nxc3 9. Qxc3 c5 10. e3 Bf6 11. Rd1 Qe7 12. Qc2 cxd4 13. exd4 d5 14. b3 Nd7 15. Bb2 Rac8 16. Rac1 Rc7 17. Qe2 Ba6 18. Bf1 Rfc8 19. Nd2 Nf8 20. Qe3 Ng6 21. f4 h5 22. Bd3 h4 23. Rc2 Qd6 24. Rdc1 Bb7 25. Re1 Ne7 26. g4 dxc4 27. bxc4 Nc6 28. Ne4 Qd8 29. Nxf6+ gxf6 30. Qe4 Nb4 31. Qh7+ Kf8 32. Rcc1 Nxd3 33. Ba3+ Nc5 34. d5 Qd6 35. Re4 Nxe4 36. Bxd6+ Nxd6 37. Re1 Nxc4 38. dxe6 fxe6 39. Qh8+ Kf7 40. Qh7+ Kf8 41. Qh8+ Kf7 42. Qh5+ Ke7 43. Qf5 Ne5 44. Qh7+ Nf7 45. g5 1/2-1/2

[Event "Pfalz-ch HT3 87th"]
[Site "Landau"]
[Date "2018.03.23"]
[Round "1"]
[White "Koehler, Gernot"]
[Black "Jensen, Hannes"]
[Result "1/2-1/2"]
[WhiteElo "1789"]
[BlackElo "1292"]
[PlyCount "64"]
[EventDate "2018.03.23"]
[EventType "swiss"]
[EventRounds "7"]
[EventCountry "GER"]
[SourceTitle "EXT 2019"]
[Source "ChessBase"]
[SourceDate "2018.10.10"]
[SourceVersion "1"]
[SourceVersionDate "2018.10.10"]
[SourceQuality "1"]

1. d4 Nf6 2. Nf3 g6 3. g3 Bg7 4. Bg2 0-0 5. c4 d6 6. 0-0 Bg4 7. Nc3 Nbd7 8. Qc2 Ne8 9. e3 e5 10. dxe5 dxe5 11. Nd2 Nd6 12. b3 f5 13. f3 Bh5 14. Bb2 Bh6 15. Rfe1 g5 16. e4 f4 17. g4 Bf7 18. Nd5 c6 19. Nb4 Qb6+ 20. Kh1 Qxb4 21. a4 Qb6 22. Ba3 c5 23. Nb1 a5 24. Rd1 Rfd8 25. Nc3 Nf6 26. Rd3 Rd7 27. Rad1 Rad8 28. Bf1 Qc7 29. Qf2 b6 30. Bb2 Nb7 31. Nd5 Nxd5 32. cxd5 Bg7 1/2-1/2

[Event "Pfalz op-B 9th"]
[Site "Neustadt an der Weinstrasse"]
[Date "2018.02.12"]
[Round "7"]
[White "Koehler, Gernot"]
[Black "Wieber, Dominik"]
[Result "1/2-1/2"]
[WhiteElo "1889"]
[BlackElo "1794"]
[PlyCount "106"]
[EventDate "2018.02.09"]
[EventType "swiss"]
[EventRounds "7"]
[EventCountry "GER"]
[SourceTitle "CBM 182 Extra"]
[Source "ChessBase"]
[SourceDate "2018.02.23"]
[SourceVersion "1"]
[SourceVersionDate "2018.02.23"]
[SourceQuality "1"]

1. d4 d5 2. Nf3 Nf6 3. g3 g6 4. Bg2 Bg7 5. 0-0 0-0 6. c4 c6 7. Qb3 Nbd7 8. Nc3 e6 9. Bf4 Re8 10. Ne5 Nxe5 11. Bxe5 Nd7 12. Bxg7 Kxg7 13. f4 f5 14. Nd1 Nf6 15. Nf2 b6 16. Qc3 Ba6 17. b3 Rc8 18. Rfd1 b5 19. c5 Rb8 20. b4 Qc7 21. Rd2 h6 22. Nd3 Nd7 23. e3 Qd8 24. Bf1 Nf6 25. Bg2 Nd7 26. Nf2 Nf6 27. Bf1 Ne4 28. Nxe4 dxe4 29. a4 Re7 30. Ra3 g5 31. Rda2 gxf4 32. gxf4 Kh7 33. Qe1 Rg7+ 34. Kh1 Qg8 35. Qf2 Rbb7 36. axb5 Bxb5 37. Bxb5 Rxb5 38. Rxa7 Rxb4 39. Rxg7+ Qxg7 40. Ra1 Qb7 41. Rg1 Rb1 42. h4 Rxg1+ 43. Qxg1 Qg7 44. Qf2 Qg4 45. Kh2 Kg6 46. Qa2 Qxh4+ 47. Kg2 Qg4+ 48. Kh2 Qh5+ 49. Kg1 Qd1+ 50. Kh2 Qh5+ 51. Kg1 Qg4+ 52. Kh2 Kf6 53. Qb2 Kg6 1/2-1/2

[Event "Pfalz op-B 9th"]
[Site "Neustadt an der Weinstrasse"]
[Date "2018.02.11"]
[Round "4"]
[White "Ziegler, Ulrich"]
[Black "Koehler, Gernot"]
[Result "0-1"]
[WhiteElo "1748"]
[BlackElo "1889"]
[PlyCount "62"]
[EventDate "2018.02.09"]
[EventType "swiss"]
[EventRounds "7"]
[EventCountry "GER"]
[SourceTitle "CBM 182 Extra"]
[Source "ChessBase"]
[SourceDate "2018.02.23"]
[SourceVersion "1"]
[SourceVersionDate "2018.02.23"]
[SourceQuality "1"]

1. c4 e6 2. Nc3 d5 3. cxd5 exd5 4. d4 c6 5. g3 Nf6 6. Bg2 Bf5 7. Nf3 Nbd7 8. 0-0 h6 9. Bf4 Nb6 10. Ne5 Bd6 11. b3 0-0 12. Rc1 Ba3 13. Nd3 Bxc1 14. Qxc1 Bxd3 15. exd3 Nbd7 16. Qa3 Re8 17. Qb4 Qb6 18. Bd6 Qxb4 19. Bxb4 b6 20. Ba3 Nf8 21. Nd1 Re2 22. Nc3 Rc2 23. Rc1 Rxc1+ 24. Bxc1 Ne6 25. Ne2 b5 26. f4 a5 27. f5 Nc7 28. Bf4 Na6 29. a3 a4 30. b4 Nxb4 31. Nc1 Nc2 0-1

[Event "Pfalz op-B 9th"]
[Site "Neustadt an der Weinstrasse"]
[Date "2018.02.10"]
[Round "2"]
[White "Rimpler, Rafael"]
[Black "Koehler, Gernot"]
[Result "1/2-1/2"]
[WhiteElo "1751"]
[BlackElo "1889"]
[PlyCount "34"]
[EventDate "2018.02.09"]
[EventType "swiss"]
[EventRounds "7"]
[EventCountry "GER"]
[SourceTitle "CBM 182 Extra"]
[Source "ChessBase"]
[SourceDate "2018.02.23"]
[SourceVersion "1"]
[SourceVersionDate "2018.02.23"]
[SourceQuality "1"]

1. e4 c6 2. d4 d5 3. exd5 cxd5 4. Bd3 Nc6 5. Nf3 Bg4 6. c3 e6 7. Bf4 Nf6 8. Nbd2 Be7 9. 0-0 Bh5 10. Qa4 0-0 11. Ne5 Nxe5 12. Bxe5 Nd7 13. Bg3 Nb6 14. Qc2 Bg6 15. f4 Nc4 16. Nxc4 dxc4 17. Be4 Bxe4 1/2-1/2

[Event "Rheinland Pfalz op 5th"]
[Site "Worms"]
[Date "2013.06.01"]
[Round "6"]
[White "Koehler, Gernot"]
[Black "Conte, Adrian1111"]
[Result "1-0"]
[WhiteElo "1810"]
[BlackElo "1524"]
[PlyCount "97"]
[EventDate "2013.05.30"]
[EventType "swiss"]
[EventRounds "7"]
[EventCountry "GER"]
[SourceTitle "EXT 2014"]
[Source "ChessBase"]
[SourceDate "2013.11.20"]
[SourceVersion "1"]
[SourceVersionDate "2013.11.20"]
[SourceQuality "1"]

1. d4 Nf6 2. c4 c5 3. d5 b5 4. cxb5 a6 5. Nc3 axb5 6. Nxb5 Ba6 7. Nc3 d6 8. g3 g6 9. Bg2 Bg7 10. Nf3 0-0 11. 0-0 Nbd7 12. Re1 Qc7 13. Rb1 Rfb8 14. Qc2 Qb7 15. e4 Ng4 16. b3 Nge5 17. Rd1 Nxf3+ 18. Bxf3 Ne5 19. Bg2 Qa7 20. h3 c4 21. Be3 cxb3 22. axb3 Qc7 23. Bd4 Rb4 24. Kh1 Rc8 25. Bxe5 Bxe5 26. Qa2 Bb5 27. Nxb5 Rxb5 28. Bf1 Ra5 29. Qd2 Qc3 30. Rbc1 Qf3+ 31. Bg2 Rxc1 32. Bxf3 Rxd1+ 33. Bxd1 Rc5 34. Be2 Bc3 35. Qa2 Ra5 36. Qc2 Rc5 37. Qd3 Be1 38. Kg2 Bb4 39. Qa6 Kg7 40. Qb7 Ba3 41. Bc4 h5 42. Qxe7 Ra5 43. Qc7 Bb4 44. Qb6 Be1 45. Qxd6 Ra2 46. Qf4 h4 47. d6 hxg3 48. Qxf7+ Kh6 49. Kxg3 1-0

[Event "Zweibruecken PSB-ch HT5 82nd"]
[Site "Zweibruecken"]
[Date "2013.03.23"]
[Round "2"]
[White "Leidner, Matthias"]
[Black "Koehler, Gernot"]
[Result "1/2-1/2"]
[WhiteElo "1636"]
[BlackElo "1780"]
[PlyCount "104"]
[EventDate "2013.??.??"]
[EventType "swiss"]
[EventRounds "7"]
[EventCountry "GER"]
[SourceTitle "EXT 2014"]
[Source "ChessBase"]
[SourceDate "2013.11.20"]
[SourceVersion "1"]
[SourceVersionDate "2013.11.20"]
[SourceQuality "1"]

1. e4 d6 2. Nf3 g6 3. d4 Bg7 4. Nc3 Nf6 5. Bd3 c6 6. Bf4 Bg4 7. h3 Bxf3 8. Qxf3 Qb6 9. Rb1 Qxd4 10. 0-0 Nbd7 11. a3 Qb6 12. Rfd1 0-0 13. Ne2 Nh5 14. Be3 Qc7 15. g4 Nhf6 16. Qg2 e5 17. Bc4 Nb6 18. Bb3 Rad8 19. Rd2 d5 20. Bxb6 axb6 21. exd5 cxd5 22. c3 Qc5 23. Rbd1 Qb5 24. Nc1 d4 25. cxd4 exd4 26. Qxb7 Bh6 27. a4 Qb4 28. Rd3 Rd7 29. Qf3 Bg7 30. Na2 Qc5 31. Rc1 Qe5 32. Nb4 h5 33. Nc6 Qg5 34. Re1 hxg4 35. Qg3 Qc5 36. Ne5 Re7 37. hxg4 Nxg4 38. Qxg4 Rxe5 39. Rxe5 Qxe5 40. Qxg6 Qf6 41. Qe4 Rc8 42. Qe1 Qh6 43. Qd2 Rc1+ 44. Bd1 Rc6 45. Qxh6 Rxh6 46. Kf1 Re6 47. Bb3 Re7 48. Bc4 Kf8 49. b3 Ke8 50. Rg3 Kf8 51. Rg5 Be5 52. Rf5 Bd6 1/2-1/2